000
00307nam a2200109Ia 4500
008
200302s9999 xx 000 0 und d
100
_a
Martin bechthold and others
245
_a
Ceramic material systems in Architecture and interior design
260
_b
Birkhauser Verlag Gmbh
260
_c
2015
300
_a
221
999
_c
6176
_d
6176